| 000 | 00492nam a2200181Ia 4500 | ||
|---|---|---|---|
| 003 | GCL | ||
| 005 | 20240530100701.0 | ||
| 008 | 140319s9999 xx 000 0 eng d | ||
| 040 |
_aGCL / _cGCL |
||
| 082 | 0 | 4 |
_a333.782 _bO W |
| 100 | 1 | _aOLSON, SIGURD F. | |
| 245 | 1 | 0 |
_aWILDERNESS U. S. A / _cOLSON, SIGURD F. |
| 260 |
_a[S.N] : _bNATIONAL GEOGRAPHIC SOCIETY ، _c1973 |
||
| 650 | 0 | 4 | _aUNITED STATES - WILDERNESS AREAS |
| 650 | 0 | 4 | _aWILDLIFE |
| 650 | 0 | 4 | _aRURAL, U. S. A |
| 942 |
_2ddc _cBK |
||
| 999 |
_c19652 _d19652 |
||